00372 2200157 4500001002100000005001500021035002000036245004700056100001700103300001100120260003700131082000800168084001400176990001200190990001200202INLIS00000000000202020250527085249 a0010-05250003121 aPermainan Bola Basket /cDrs. Nuril Ahmadi0 aNuril Ahmadi a76 hlm aJakarta :bEra Intermedia,c2007 a700 a700 NUR p a0712978 a0712979